| 000 | 00616 a2200169 4500 | ||
|---|---|---|---|
| 999 |
_c994 _d994 |
||
| 020 | _a0070294267 | ||
| 050 | _aGE105 CUN 2003 | ||
| 100 |
_aCunningham, William P. _eauthor |
||
| 245 |
_aEnvironmental science : _ba global concern / _cWilliam P. Cunningham, Mary Ann Cunningham, Barbara Woodworth Saigo. |
||
| 264 |
_aDubuque, IA : _bMcGraw-Hill, _c c2003. |
||
| 300 |
_axvii, 646p. : _bill. (some col.), col. maps |
||
| 500 | _aIncludes index | ||
| 650 | _aEnvironmental sciences. | ||
| 700 |
_aCunningham, Mary Ann. _eauthor |
||
| 700 |
_aSaigo, Barbara Woodworth. _eauthor |
||
| 942 |
_2lcc _cBK _e7th ed. _h105 _iCUN _kGE |
||